University Home | Library Home | Institutional Repository

Erec et Enide / (Record no. 188217)

MARC details
000 -LEADER
fixed length control field 00554cam3a220018100 4500
001 - CONTROL NUMBER
control field tmp15975791
003 - CONTROL NUMBER IDENTIFIER
control field UPRA
005 - DATE AND TIME OF LATEST TRANSACTION
control field 20190830110308.0
008 - FIXED-LENGTH DATA ELEMENTS--GENERAL INFORMATION
fixed length control field 951116s1974 fr fre u
035 ## - SYSTEM CONTROL NUMBER
System control number (Sirsi) r26090
035 ## - SYSTEM CONTROL NUMBER
System control number (UPRA)tmp15975791
040 ## - CATALOGING SOURCE
Transcribing agency UPRA
100 0# - MAIN ENTRY--PERSONAL NAME
Titles and words associated with a name de Troyes, d8.1..11.10
Linkage A73839.1
245 10 - TITLE STATEMENT
Title Erec et Enide /
Statement of responsibility, etc. roman traduit de l'ancien francais d'apres l'edition de Mario Roques par Rene Louis.
260 ## - PUBLICATION, DISTRIBUTION, ETC.
Place of publication, distribution, etc. Paris :
Name of publisher, distributor, etc. H. Champion,
Date of publication, distribution, etc. 1974.
949 ## - LOCAL PROCESSING INFORMATION (OCLC)
a PQ1444
w lcc
i -26691
m MAIN
t BOOK
l ON-SHELF

No items available.

© 2026 - The University of Zambia Library - Koha v25.11